[Event "Mondiale Lampo FIDE 2019"]
[Site "Mosca"]
[Date "29.12.2019"]
[Round "10.76"]
[White "Rozum, Ivan"]
[Black "Melkumyan, Hrant"]
[Result "0-1"]
[WhiteTitle "GM"]
[BlackTitle "GM"]
[WhiteElo "2573"]
[BlackElo "2668"]
[WhiteFideId "24104272"]
[BlackFideId "13302485"]
[EventDate "2019.12.29"]

1. Nf3 d5 2. g3 Bg4 3. Bg2 e6 4. c4 c6 5. cxd5 exd5 6. O-O Nd7 7. Nc3 Ngf6 8. d4
Bd6 9. Nh4 Nb6 10. f3 Be6 11. e4 dxe4 12. fxe4 Be7 13. e5 Nfd5 14. Nf5 Bxf5 15.
Rxf5 O-O 16. Ne4 Nc7 17. Be3 Nbd5 18. Bf2 Ne6 19. Rf3 Qd7 20. Qb3 Rad8 21. Rd1
Qc7 22. h4 Qb6 23. Bh3 Qxb3 24. Rxb3 Rd7 25. a3 Rfd8 26. Rbd3 a5 27. Nc3 g6 28.
Nxd5 Rxd5 29. Bg2 Rb5 30. R3d2 a4 31. d5 cxd5 32. Bxd5 Rdxd5 33. Rxd5 Rxb2 34.
R1d3 b5 35. Rd7 Bf8 36. Rf3 b4 37. axb4 Bxb4 38. Rdxf7 a3 39. Ra7 a2 40. Kg2 Bc5
41. Ra6 Nd4 42. Rc3 Bb6 43. Rc8+ Kg7 44. Rb8 Nc2 45. Rbxb6 Rxb6 46. Bxb6 0-1

[Event "Mondiale Lampo FIDE 2019"]
[Site "Mosca"]
[Date "29.12.2019"]
[Round "10.77"]
[White "Harsha, Bharathakoti"]
[Black "Mozharov, Mikhail"]
[Result "1-0"]
[WhiteTitle "GM"]
[BlackTitle "GM"]
[WhiteElo "2523"]
[BlackElo "2558"]
[WhiteFideId "5078776"]
[BlackFideId "4189825"]
[EventDate "2019.12.29"]

1. f4 d5 2. Nf3 g6 3. g3 Bg7 4. Bg2 c6 5. O-O Qb6+ 6. d4 Nd7 7. e3 Nh6 8. c4 Nf5
9. g4 Nh6 10. h3 e6 11. Qb3 f5 12. g5 Nf7 13. Nc3 Qa6 14. Nd2 h6 15. h4 Qb6 16.
Rf2 Qd8 17. Qc2 Qe7 18. b3 b6 19. a4 Bb7 20. Ba3 Qd8 21. Re1 Bf8 22. Bb2 Nd6 23.
e4 fxe4 24. Ndxe4 dxe4 25. Nxe4 Nf5 26. d5 Rh7 27. dxe6 Re7 28. exd7+ Kf7 29. h5
Qxd7 30. Rd1 Qc7 31. hxg6+ Kxg6 32. Ng3 Bc8 33. Bh3 Rf7 34. Be5 Qe7 35. Rd6+
Qxd6 36. Bxd6 Bxd6 37. Nxf5 Bxf5 38. Bxf5+ Rxf5 39. Rg2 Rf8 40. gxh6+ Kh7 41.
Qe4 Bxf4 42. Qe7+ Kxh6 43. Qg7+ Kh5 44. Qg6+ 1-0

[Event "Mondiale Lampo FIDE 2019"]
[Site "Mosca"]
[Date "29.12.2019"]
[Round "10.78"]
[White "Pashikian, Arman"]
[Black "Kazakouski, Valery"]
[Result "0-1"]
[WhiteTitle "GM"]
[BlackTitle "IM"]
[WhiteElo "2605"]
[BlackElo "2485"]
[WhiteFideId "13301578"]
[BlackFideId "13507443"]
[EventDate "2019.12.29"]

1. d4 Nf6 2. c4 e6 3. Nf3 d5 4. g3 Be7 5. Bg2 O-O 6. Nc3 c6 7. b3 b5 8. O-O bxc4
9. bxc4 Ba6 10. cxd5 cxd5 11. Bf4 Nc6 12. Qa4 Na5 13. Rfc1 Rc8 14. Ne5 Bb7 15.
Nb5 Rxc1+ 16. Rxc1 Qb6 17. Nxf7 Bc6 18. Rxc6 Nxc6 19. Ng5 a6 20. Nc3 Nxd4 21.
Be3 Bc5 22. Qd1 Ng4 23. Na4 Nxe3 24. fxe3 Nxe2+ 25. Kh1 Qb5 26. Nxc5 Nc3 27. Qe1
Qxc5 0-1

[Event "Mondiale Lampo FIDE 2019"]
[Site "Mosca"]
[Date "29.12.2019"]
[Round "10.79"]
[White "Tregubov, Pavel V."]
[Black "Aravindh, Chithambaram VR."]
[Result "1-0"]
[WhiteTitle "GM"]
[BlackTitle "GM"]
[WhiteElo "2588"]
[BlackElo "2605"]
[WhiteFideId "4115341"]
[BlackFideId "5072786"]
[EventDate "2019.12.29"]

1. e4 e5 2. Nf3 Nc6 3. Bb5 a6 4. Ba4 Nf6 5. d4 Nxd4 6. Nxd4 exd4 7. e5 Ne4 8.
Qxd4 Nc5 9. Bb3 Nxb3 10. axb3 Be7 11. O-O O-O 12. Bf4 f6 13. Nc3 fxe5 14. Bxe5
d6 15. Bg3 Bf6 16. Qd5+ Kh8 17. Rfe1 Bf5 18. Re2 Rb8 19. Rae1 Qd7 20. h3 b5 21.
Nd1 Bg6 22. b4 Bf7 23. Qd2 h6 24. Ne3 Rbe8 25. c3 Bg5 26. Qd4 Bf6 27. Qd3 Re7
28. Nd5 Rxe2 29. Rxe2 Bd8 30. Nf4 Re8 31. Rxe8+ Qxe8 32. Qf5 Bf6 33. Kh2 Qe7 34.
Nd5 Bxd5 35. Qxd5 Qe8 36. Qb7 c5 37. bxc5 dxc5 38. Qxa6 c4 39. Qb7 Kh7 40. Qd5
Kh8 41. Qb7 Kh7 42. Qd5 Kg6 43. Bf4 Kh7 44. f3 Kh8 45. Qb7 Kh7 46. Qe4+ Qxe4 47.
fxe4 b4 48. e5 Be7 49. cxb4 Bxb4 50. Kg3 Kg6 51. Kf3 Kf5 52. g4+ Ke6 53. Ke4 c3
54. b3 g5 55. Bc1 c2 56. Kd3 Kxe5 57. Kxc2 Ke4 58. Bd2 Bd6 59. b4 Kf3 60. Kd3
Kg3 61. Ke4 Kxh3 62. Kf5 Bg3 63. b5 Kh4 64. b6 Bb8 65. b7 Kh3 66. Bc3 Kh4 67.
Be5 Ba7 68. Bd6 h5 69. gxh5 Kxh5 70. Ke6 g4 71. Kd7 Kh4 72. Kc8 g3 73. Bc5 Bxc5
74. b8=Q Bf2 75. Qf4+ Kh3 76. Qf3 Kh2 77. Kd7 Ba7 78. Qh5+ Kg1 79. Qd1+ Kh2 80.
Qd6 Kh3 81. Qa3 Bf2 82. Ke6 Kh2 83. Qd6 Kh1 84. Qd1+ Kh2 85. Qf3 Kg1 86. Qd1+
Kh2 87. Qe2 Kg1 88. Qd1+ Kh2 89. Qf3 Kg1 90. Kf5 g2 91. Kg4 Kf1 92. Qd3+ Ke1 93.
Kf3 g1=N+ 94. Ke4 Ne2 95. Qb1+ Kd2 96. Qb2+ Ke1 97. Qb1+ Kd2 98. Qb4+ Nc3+ 99.
Kf3 Bg1 100. Qb2+ Kd3 101. Qb3 Bd4 102. Kf4 Kd2 103. Qc4 Bh8 104. Kf3 Kc2 105.
Qc5 Kb2 106. Qb6+ Kc2 107. Qg6+ Kb2 108. Ke3 Nd5+ 109. Ke4 Nb4 110. Qg2+ Ka3
111. Qh3+ Ka4 112. Qxh8 Kb3 113. Kd4 Nc2+ 114. Kd3 Nb4+ 115. Kd2 Kc4 116. Qc3+
Kb5 117. Qb3 Kc5 118. Ke3 Nd5+ 119. Ke4 Nf6+ 120. Kf5 Nd5 121. Ke5 Nb6 122. Qa3+
Kc6 123. Qc3+ Kb5 124. Kd4 Nd7 125. Qc7 Nb6 126. Qc5+ Ka6 127. Qb4 Ka7 128. Kc5
Nd7+ 129. Kd6 Nb8 130. Qc5+ Kb7 131. Qc7+ Ka8 132. Qb6 Nd7 133. Qc6+ 1-0

[Event "Mondiale Lampo FIDE 2019"]
[Site "Mosca"]
[Date "29.12.2019"]
[Round "10.80"]
[White "Inarkiev, Ernesto"]
[Black "Triapishko, Alexandr"]
[Result "1-0"]
[WhiteTitle "GM"]
[BlackTitle "IM"]
[WhiteElo "2663"]
[BlackElo "2502"]
[WhiteFideId "4162722"]
[BlackFideId "14122286"]
[EventDate "2019.12.29"]

1. d4 Nf6 2. Nf3 g6 3. g3 Bg7 4. Bg2 d5 5. c4 c6 6. Qb3 O-O 7. O-O a5 8. cxd5 a4
9. Qd1 cxd5 10. Nc3 Qa5 11. Bd2 Nc6 12. Ne5 Qa6 13. e3 e6 14. b3 Nxe5 15. dxe5
Nd7 16. f4 axb3 17. axb3 Qxa1 18. Qxa1 Rxa1 19. Rxa1 Nc5 20. Ra3 Bd7 21. b4 Na6
22. Ne2 Rc8 23. Nd4 Bf8 24. Rb3 Be7 25. Bf1 Kf8 26. Rb2 Ke8 27. Kf2 Ra8 28. Ra2
Nc7 29. Rxa8+ Nxa8 30. Bd3 Nb6 31. g4 Nc4 32. Bxc4 dxc4 33. e4 Bd8 34. Ne2 Be7
35. Bc3 b5 36. Ke3 Kd8 37. h3 Kc7 38. Nd4 Kb7 39. Nf3 Kc7 40. h4 Kb7 41. h5 Kc7
42. Kd4 gxh5 43. gxh5 Kb7 44. Be1 Bd8 45. Bh4 Bb6+ 46. Kc3 Be3 47. Bg3 h6 1-0

[Event "Mondiale Lampo FIDE 2019"]
[Site "Mosca"]
[Date "29.12.2019"]
[Round "10.81"]
[White "Ismagambetov, Anuar"]
[Black "Iljiushenok, Ilia"]
[Result "1-0"]
[WhiteTitle "GM"]
[BlackTitle "GM"]
[WhiteElo "2528"]
[BlackElo "2521"]
[WhiteFideId "13701525"]
[BlackFideId "24105074"]
[EventDate "2019.12.29"]

1. e4 c5 2. Nc3 a6 3. f4 b5 4. Nf3 Bb7 5. d3 e6 6. g3 b4 7. Ne2 d5 8. e5 h5 9.
Bg2 Nh6 10. O-O Be7 11. a3 a5 12. h3 Nc6 13. Be3 Qc7 14. Bf2 a4 15. c3 bxc3 16.
bxc3 O-O 17. Nh2 Nf5 18. Qe1 Ba6 19. g4 Nh6 20. Qd2 Na5 21. Ra2 Nb3 22. Qd1 Rab8
23. Ng3 h4 24. Ne2 d4 25. c4 Bb7 26. Nf3 f6 27. exf6 gxf6 28. Bxh4 Bc6 29. Kh1
Nf7 30. Ng3 Qxf4 31. Ng5 Bxg2+ 32. Rxg2 Qxf1+ 33. Nxf1 fxg5 34. Bg3 Bd6 35. Qe1
Bxg3 36. Nxg3 e5 37. Qe4 Rb6 38. Rf2 Nc1 39. Nh5 Rh6 40. Rf1 Nb3 41. Qd5 Rd6 42.
Nf6+ Kg7 43. Ne8+ 1-0

[Event "Mondiale Lampo FIDE 2019"]
[Site "Mosca"]
[Date "29.12.2019"]
[Round "10.82"]
[White "Studer, Noel"]
[Black "Turov, Maxim"]
[Result "0-1"]
[WhiteTitle "GM"]
[BlackTitle "GM"]
[WhiteElo "2546"]
[BlackElo "2574"]
[WhiteFideId "1319620"]
[BlackFideId "4120086"]
[EventDate "2019.12.29"]

1. d4 Nf6 2. c4 e6 3. Nf3 Bb4+ 4. Nbd2 O-O 5. a3 Be7 6. e4 d6 7. Be2 c5 8. d5 e5
9. O-O g6 10. b4 Na6 11. Rb1 Nh5 12. Re1 f5 13. Bf1 Nf6 14. Ng5 Nxd5 15. cxd5
Bxg5 16. Bxa6 bxa6 17. bxc5 dxc5 18. Nc4 fxe4 19. d6 Be6 20. Nxe5 Bxc1 21. Rxc1
Qf6 22. Ng4 Bxg4 23. Qxg4 Qxf2+ 24. Kh1 Rad8 25. d7 Qf5 26. Qxe4 Qxe4 27. Rxe4
Rxd7 28. h3 Rf5 29. Ra4 Rd6 30. Re4 Rc6 31. Rcc4 Kg7 32. Re7+ Rf7 33. Re5 Rfc7
34. Kh2 Kf6 35. Re2 Rd6 36. Rf4+ Kg7 37. Rc2 Rd3 38. a4 Rd6 39. Rfc4 Rd5 40. Rf4
Rf5 41. Re4 Kf6 42. Kg3 Re5 43. Rf4+ Ke6 44. Rf8 Rg5+ 45. Kh4 Rh5+ 46. Kg4 c4
47. Rc3 Kd5 48. Rd8+ Kc5 49. Rc1 Rd5 50. Rb8 Rd3 51. Kf4 c3 52. Ke4 Kc4 53. Rc2
Rd2 54. Rc1 Rxg2 55. Rd1 Rd2 56. Rdb1 Re7+ 57. Kf3 Kd3 58. Rc8 Rf7+ 59. Kg3 c2
60. Rb3+ Ke2 61. Rbc3 Rd3+ 0-1

[Event "Mondiale Lampo FIDE 2019"]
[Site "Mosca"]
[Date "29.12.2019"]
[Round "10.83"]
[White "Lobanov, Sergei"]
[Black "Sek, Konstantin"]
[Result "1-0"]
[WhiteTitle "IM"]
[WhiteElo "2504"]
[BlackElo "2446"]
[WhiteFideId "24183750"]
[BlackFideId "24104302"]
[EventDate "2019.12.29"]

1. e4 e5 2. Nf3 Nc6 3. Bb5 a6 4. Ba4 d6 5. c3 f5 6. exf5 Bxf5 7. O-O Bd3 8. Re1
Be7 9. Bc2 Bxc2 10. Qxc2 Nf6 11. Qb3 Qd7 12. Qxb7 O-O 13. Qb3+ Kh8 14. d3 d5 15.
Nbd2 Bc5 16. Qd1 e4 17. dxe4 dxe4 18. Nb3 Bd6 19. Nfd4 Nxd4 20. Nxd4 Ng4 21. Be3
Bxh2+ 22. Kh1 Rxf2 23. Nf3 exf3 24. gxf3 Qf5 25. Bd4 Rxf3 26. Qe2 Rf8 27. Qg2
Rh3 28. Rf1 Bf4+ 1-0

[Event "Mondiale Lampo FIDE 2019"]
[Site "Mosca"]
[Date "29.12.2019"]
[Round "10.84"]
[White "Atabayev, Maksat"]
[Black "Kovalev, Vladislav"]
[Result "0-1"]
[WhiteTitle "GM"]
[BlackTitle "GM"]
[WhiteElo "2475"]
[BlackElo "2662"]
[WhiteFideId "14001101"]
[BlackFideId "13504398"]
[EventDate "2019.12.29"]

1. Nf3 Nf6 2. g3 d5 3. Bg2 e6 4. O-O Be7 5. b3 O-O 6. Bb2 b6 7. c4 Bb7 8. cxd5
exd5 9. d4 Re8 10. Nc3 Nbd7 11. Rc1 a6 12. e3 Bd6 13. Qc2 Rc8 14. Qb1 Nf8 15. a4
Ng6 16. Qa2 Qe7 17. a5 b5 18. Ne1 h5 19. Nd3 h4 20. Nc5 Bxc5 21. dxc5 hxg3 22.
hxg3 Rcd8 23. Ne2 Ng4 24. Nf4 Nxf4 25. exf4 Qe6 26. Bf3 d4 27. Bxb7 Qh6 28. Kg2
Qh2+ 29. Kf3 Nxf2 30. Bxd4 Qh5+ 31. Kxf2 Rxd4 32. Bf3 Qh2+ 33. Bg2 Rd3 34. Qc2
Ree3 35. Rcd1 Rf3+ 0-1

[Event "Mondiale Lampo FIDE 2019"]
[Site "Mosca"]
[Date "29.12.2019"]
[Round "10.85"]
[White "Baron, Tal"]
[Black "Tran, Tuan Minh"]
[Result "1-0"]
[WhiteTitle "GM"]
[BlackTitle "GM"]
[WhiteElo "2541"]
[BlackElo "2529"]
[WhiteFideId "2809958"]
[BlackFideId "12401820"]
[EventDate "2019.12.29"]

1. Nf3 Nf6 2. d4 b6 3. g3 Bb7 4. Bg2 e6 5. O-O Be7 6. c4 O-O 7. Nc3 Ne4 8. Bd2
Bf6 9. Rc1 Nxd2 10. Qxd2 d6 11. e4 Nd7 12. a3 g6 13. Rfe1 Bg7 14. h4 a6 15. h5
Qe7 16. e5 Rad8 17. exd6 cxd6 18. Nd5 Qe8 19. Nc7 Qe7 20. Nd5 Qe8 21. Qg5 h6 22.
Qf4 e5 23. Qd2 g5 24. Qb4 f5 25. Qxd6 Nc5 26. Ne7+ Kh8 27. Ng6+ Kg8 28. Qxb6
Bxf3 29. Bxf3 Nd3 30. Bd5+ Kh7 31. Nxf8+ Qxf8 32. Qg6+ Kh8 33. Be6 Nxc1 34. Bxf5
Kg8 35. Be6+ Kh8 36. Bf5 Kg8 37. Rxc1 Rxd4 38. c5 Rd8 39. c6 1-0

[Event "Mondiale Lampo FIDE 2019"]
[Site "Mosca"]
[Date "29.12.2019"]
[Round "10.86"]
[White "Gurvich, Vitaly"]
[Black "Jumabayev, Rinat"]
[Result "0-1"]
[WhiteTitle "FM"]
[BlackTitle "GM"]
[WhiteElo "2230"]
[BlackElo "2646"]
[WhiteFideId "24164852"]
[BlackFideId "13702661"]
[EventDate "2019.12.29"]

1. d4 d6 2. c4 e5 3. Nc3 exd4 4. Qxd4 Nc6 5. Qd2 g6 6. b3 Bg7 7. Bb2 a5 8. Nd5
Nf6 9. Qc3 Ne5 10. f4 Nxd5 11. cxd5 Nf3+ 12. Qxf3 Bxb2 13. Rb1 Qf6 14. e4 Bc3+
15. Kf2 Bd4+ 16. Ke1 O-O 17. Bd3 Re8 18. Ne2 Bc5 19. h3 c6 20. dxc6 bxc6 21. g4
d5 22. Kf1 dxe4 23. Bxe4 Ba6 24. Kg2 Bxe2 25. Qxe2 Qxf4 26. Rbe1 Bb4 27. Rhf1
Qe5 28. Qc4 Bxe1 29. Qxf7+ Kh8 30. Rxe1 Re7 31. Qc4 Rae8 32. Re2 c5 33. Bf3 Qd4
34. Rxe7 Rxe7 35. Qc2 Kg7 36. a4 Re3 37. Ba8 Rd3 38. Kf1 Rd2 0-1

[Event "Mondiale Lampo FIDE 2019"]
[Site "Mosca"]
[Date "29.12.2019"]
[Round "10.87"]
[White "Yagupov, Igor"]
[Black "Kazhgaleyev, Murtas"]
[Result "0-1"]
[WhiteTitle "GM"]
[BlackTitle "GM"]
[WhiteElo "2357"]
[BlackElo "2569"]
[WhiteFideId "4113632"]
[BlackFideId "13700316"]
[EventDate "2019.12.29"]

1. e4 e6 2. d4 d5 3. Nc3 Bb4 4. e5 c5 5. a3 Ba5 6. b4 cxd4 7. Qg4 Ne7 8. bxa5
dxc3 9. Qxg7 Rg8 10. Qxh7 Nbc6 11. Nf3 Qc7 12. Bf4 Bd7 13. a6 O-O-O 14. axb7+
Kb8 15. Qd3 Rg4 16. g3 Ng6 17. h3 Rxf4 18. gxf4 Nxf4 19. Qxc3 d4 20. Qc5 Be8 21.
Rb1 Rd5 22. Qf8 Qa5+ 23. Kd1 Rd8 24. Rb3 d3 25. Bxd3 Qd5 26. Kc1 Qxf3 27. Rd1
Nxe5 28. Rd2 Qd5 29. Kb1 Nfxd3 30. Qe7 Ba4 0-1

[Event "Mondiale Lampo FIDE 2019"]
[Site "Mosca"]
[Date "29.12.2019"]
[Round "10.88"]
[White "Tissir, Mohamed"]
[Black "Batchuluun, Tsegmed"]
[Result "1/2-1/2"]
[WhiteTitle "IM"]
[BlackTitle "GM"]
[WhiteElo "2379"]
[BlackElo "2530"]
[WhiteFideId "9000240"]
[BlackFideId "4900847"]
[EventDate "2019.12.29"]

1. e4 e5 2. Nf3 Nc6 3. Bc4 Bc5 4. c3 Nf6 5. d3 d6 6. Bb3 h6 7. Nbd2 O-O 8. Nf1
a6 9. Ng3 Re8 10. O-O Ba7 11. h3 Be6 12. Re1 d5 13. Qe2 dxe4 14. dxe4 Bxb3 15.
axb3 Qd7 16. Nh4 Qe6 17. b4 Ne7 18. Qf3 Bb6 19. Nhf5 Nxf5 20. Nxf5 Nh7 21. h4
Kh8 22. Be3 Bxe3 23. Rxe3 Rad8 24. Qe2 h5 25. Rd3 g6 26. Ne3 Nf6 27. Rad1 Qe7
28. g3 c6 29. Nc4 Rxd3 30. Rxd3 Kg7 31. Qe3 Qe6 32. Nd6 Re7 33. Qg5 Kf8 34. Qd2
Rd7 35. Kg2 Ke7 36. Nc8+ Kd8 37. Nb6 Rxd3 38. Qxd3+ Kc7 39. Na4 Qd6 40. Qf3 b6
41. Qe3 Nd7 42. b3 Qe6 43. c4 Qd6 44. b5 axb5 45. cxb5 cxb5 46. Nc3 Qc5 47. Nd5+
Kb7 48. Qf3 f6 49. g4 hxg4 50. Qxg4 Qd6 51. b4 f5 52. Qf3 f4 53. Qg4 Kc6 54. Qd1
Nf6 55. Qc2+ Kb7 56. Nxf6 Qxf6 57. Qd2 Qe6 58. Qc3 Qd6 59. Qa1 Kc7 60. Qc1+ Qc6
61. Qe1 Qc4 62. Kf3 Kd6 63. Kg4 Ke7 64. Qd2 Kf6 65. Qd8+ Kg7 66. Qe7+ Kh6 67.
Qg5+ Kh7 68. Qe7+ Kh6 69. Qg5+ Kh7 70. Qe7+ Kh6 71. Qf8+ Kh7 72. Qe7+ Kh6 73.
Qg5+ Kh7 74. Qe7+ Kh6 75. Qg5+ Kh7 1/2-1/2

[Event "Mondiale Lampo FIDE 2019"]
[Site "Mosca"]
[Date "29.12.2019"]
[Round "10.89"]
[White "Blohberger, Felix"]
[Black "Geller, Jakov"]
[Result "0-1"]
[WhiteTitle "IM"]
[BlackTitle "GM"]
[WhiteElo "2434"]
[BlackElo "2521"]
[WhiteFideId "1632051"]
[BlackFideId "4151984"]
[EventDate "2019.12.29"]

1. Nf3 d5 2. d4 Nf6 3. Bf4 e6 4. e3 Bd6 5. Bg3 c5 6. c3 Qc7 7. Nbd2 Nbd7 8. Bd3
O-O 9. O-O Bxg3 10. hxg3 e5 11. dxe5 Nxe5 12. Be2 h6 13. Qa4 Ng6 14. Rfd1 Bd7
15. Qb3 Rfe8 16. Bf1 Rad8 17. Rac1 a6 18. Qa3 Bg4 19. Re1 Rd6 20. b4 Bxf3 21.
Nxf3 c4 22. Red1 Ne4 23. Rd4 Ne5 24. Nxe5 Rxe5 25. Be2 Rf5 26. Bf3 Ng5 27. Bg4
Rff6 28. Rcd1 Qc6 29. Qb2 g6 30. f4 Ne4 31. Bf3 Nxg3 32. Bxd5 Qe8 33. e4 Rxf4
34. Bxf7+ Rxf7 35. Rxd6 Qxe4 36. Rd8+ Kg7 37. R8d2 Qe3+ 38. Kh2 Nf1+ 39. Rxf1
Rxf1 40. Re2 Qf4+ 41. g3 Qf3 42. Re7+ Kf6 0-1

[Event "Mondiale Lampo FIDE 2019"]
[Site "Mosca"]
[Date "29.12.2019"]
[Round "10.90"]
[White "Tsoi, Dmitry"]
[Black "Guimaraes, Diogo Duarte"]
[Result "1-0"]
[WhiteTitle "FM"]
[BlackTitle "FM"]
[WhiteElo "2321"]
[BlackElo "2322"]
[WhiteFideId "24194697"]
[BlackFideId "2112450"]
[EventDate "2019.12.29"]

1. e4 e5 2. Nf3 Nc6 3. g3 Nf6 4. d3 Bc5 5. Bg2 O-O 6. O-O d6 7. c3 a5 8. h3 a4
9. Kh2 h6 10. Nh4 d5 11. Nd2 dxe4 12. dxe4 Qd3 13. Nhf3 Nxe4 14. Ne1 Nxc3 15.
Nxd3 Nxd1 16. Nxc5 Nxb2 17. Bxb2 a3 18. Bc3 f6 19. Rab1 Ra7 20. Bxc6 bxc6 21.
Rb8 Bf5 22. Rxf8+ Kxf8 23. f4 exf4 24. Rxf4 Bc2 25. Rc4 Bd1 26. Bb4 Kf7 27. Rc1
Be2 28. Re1 Bb5 29. Ndb3 Bc4 30. Na5 Bd5 31. Re3 Ra8 32. Ncb7 c5 33. Bxc5 Rb8
34. Ba7 Rc8 35. Rxa3 Re8 36. Re3 Ra8 37. Bc5 h5 38. a3 Ra6 39. g4 h4 40. Rd3 c6
41. Bf2 g5 42. Rc3 Ra8 43. Nxc6 Re8 44. Nd6+ 1-0

[Event "Mondiale Lampo FIDE 2019"]
[Site "Mosca"]
[Date "29.12.2019"]
[Round "10.91"]
[White "Gundavaa, Bayarsaikhan"]
[Black "Makoveev, Ilya"]
[Result "1-0"]
[WhiteTitle "GM"]
[BlackTitle "FM"]
[WhiteElo "2489"]
[BlackElo "2277"]
[WhiteFideId "4901045"]
[BlackFideId "34155748"]
[EventDate "2019.12.29"]

1. Nf3 Nf6 2. c4 g6 3. b3 Bg7 4. Bb2 O-O 5. g3 c5 6. Bg2 Nc6 7. O-O b6 8. d4
cxd4 9. Nxd4 Bb7 10. Nc3 Qc8 11. Nc2 d6 12. Rc1 Nd7 13. Ne3 Nc5 14. Ned5 Re8 15.
Qd2 Qd7 16. Rfd1 Rad8 17. b4 Ne6 18. e3 Ne5 19. Nb5 Nxc4 20. Rxc4 Qxb5 21. Rh4
Qd7 22. Bxg7 Nxg7 23. e4 h5 24. Bh3 Qa4 25. Rc1 a5 26. b5 Qa3 27. Nxb6 e6 28.
Rc7 Rf8 29. Rxb7 Qc5 30. Nd7 Rxd7 31. Rxd7 Qxb5 32. Rxd6 a4 33. Rf4 a3 34. Rf3
Qb1+ 35. Bf1 Qxe4 36. Rxa3 Nf5 37. Rd8 Rxd8 38. Qxd8+ Kg7 39. Ra8 Kh6 40. h4 Qe5
41. Qh8+ Qxh8 42. Rxh8+ Kg7 43. Rb8 Nd4 44. a4 Nc6 45. Rb6 1-0

[Event "Mondiale Lampo FIDE 2019"]
[Site "Mosca"]
[Date "29.12.2019"]
[Round "10.92"]
[White "Kim, Alexey"]
[Black "Luukkonen, Tommi"]
[Result "1-0"]
[WhiteTitle "GM"]
[BlackTitle "FM"]
[WhiteElo "2464"]
[BlackElo "2290"]
[WhiteFideId "4129776"]
[BlackFideId "501808"]
[EventDate "2019.12.29"]

1. e4 c5 2. Nf3 d6 3. c3 Nf6 4. Be2 Bd7 5. Qc2 Bc6 6. d3 Nbd7 7. O-O g6 8. Re1
Bg7 9. Bf1 Rc8 10. a3 O-O 11. b4 a6 12. Bb2 e5 13. Nbd2 Nh5 14. g3 f5 15. Bg2 f4
16. Nc4 Qe7 17. Na5 g5 18. Nxc6 Rxc6 19. bxc5 Nxc5 20. d4 Nd7 21. Qb3+ Kh8 22.
Rad1 Rb6 23. Qa2 g4 24. Nh4 Qf7 25. Qxf7 Rxf7 26. Rd2 Rb3 27. Bf1 b5 28. Nf5 Bf8
29. a4 Nb6 30. axb5 axb5 31. dxe5 dxe5 32. c4 Nxc4 33. Bxc4 bxc4 34. Bxe5+ Kg8
35. Rd8 Rb6 36. gxf4 h6 37. Ra1 c3 38. Rc1 Rc6 39. Rxc3 Rxc3 40. Bxc3 Kh7 41.
Be5 Bc5 42. Rh8+ 1-0

[Event "Mondiale Lampo FIDE 2019"]
[Site "Mosca"]
[Date "29.12.2019"]
[Round "10.93"]
[White "Atabayev, Saparmyrat"]
[Black "Tsvetkov, Andrey"]
[Result "1-0"]
[WhiteTitle "IM"]
[BlackTitle "FM"]
[WhiteElo "2425"]
[BlackElo "2350"]
[WhiteFideId "14000571"]
[BlackFideId "34139360"]
[EventDate "2019.12.29"]

1. d4 d5 2. c4 e6 3. Nc3 c6 4. Nf3 Nf6 5. Bg5 h6 6. Bxf6 Qxf6 7. e3 Nd7 8. cxd5
exd5 9. Bd3 Bd6 10. Qc2 O-O 11. O-O-O b5 12. h4 Bb7 13. Ng5 Rfc8 14. Bh7+ Kf8
15. Bf5 Qe7 16. Kb1 b4 17. Na4 Rc7 18. Nf3 c5 19. dxc5 Nxc5 20. Nxc5 Bxc5 21.
Qd2 Qf6 22. Bd3 a5 23. Rc1 Rac8 24. Rc2 Bd6 25. Rhc1 Rxc2 26. Rxc2 Rxc2 27. Qxc2
Qe7 28. g3 Qd7 29. Nd4 Kg8 30. Bh7+ Kf8 31. Bf5 Qd8 32. Qa4 Be5 33. Qb5 Bxd4 34.
exd4 Qf6 35. Qc5+ Kg8 36. Bc8 Bxc8 37. Qxc8+ Kh7 38. Qc2+ g6 39. Qd2 Qf5+ 40.
Kc1 Qe4 41. b3 Kg7 42. Kb2 h5 43. a3 bxa3+ 44. Kxa3 Qb1 45. Qb2 Qd3 46. Ka4 Qa6
47. Qc3 Qb6 48. Qc5 Qf6 49. Qxd5 Qxf2 50. Qe5+ Kh7 51. Kxa5 Qa2+ 52. Kb4 Qa7 53.
Qd6 Qb7+ 54. Kc4 Qc8+ 55. Kb4 Qb7+ 56. Kc3 Qf3+ 57. Kc4 Qe2+ 58. Kb4 Qd2+ 59.
Kb5 Qd3+ 60. Ka4 Qc2 61. d5 Qa2+ 62. Kb4 Qd2+ 63. Ka4 Qa2+ 64. Kb4 Qd2+ 65. Kb5
Qd3+ 66. Ka4 Qd4+ 67. b4 Qa7+ 68. Kb5 Qb7+ 69. Kc5 Qc8+ 70. Kb6 Qc3 71. b5 Qe3+
72. Kb7 Qd3 73. b6 Qb5 74. Kc7 Qa5 75. Qc6 f5 76. d6 Qe5 77. b7 1-0

[Event "Mondiale Lampo FIDE 2019"]
[Site "Mosca"]
[Date "29.12.2019"]
[Round "10.94"]
[White "Sutovsky, Emil"]
[Black "Gutenev, Alexander"]
[Result "1-0"]
[WhiteTitle "GM"]
[BlackTitle "IM"]
[WhiteElo "2643"]
[BlackElo "2469"]
[WhiteFideId "2802007"]
[BlackFideId "4195540"]
[EventDate "2019.12.29"]

1. e4 c5 2. Nc3 Nc6 3. Nf3 d6 4. d4 cxd4 5. Nxd4 Nf6 6. Bg5 e6 7. Qd3 Be7 8.
O-O-O O-O 9. Bxf6 Bxf6 10. Nxc6 bxc6 11. Qxd6 Qa5 12. Qg3 h6 13. Bc4 Qb4 14. e5
Be7 15. Rd4 Rd8 16. Rg4 Bg5+ 17. f4 f5 18. exf6 Bxf6 19. f5 Qe7 20. Re1 Kh8 21.
fxe6 a5 22. Ne4 Bd4 23. c3 Bb6 24. Qe5 Bc7 25. Qc5 Qxc5 26. Nxc5 Bd6 27. Rd4 1-0

[Event "Mondiale Lampo FIDE 2019"]
[Site "Mosca"]
[Date "29.12.2019"]
[Round "10.95"]
[White "Faizrakhmanov, Ramil"]
[Black "Huzman, Alexander"]
[Result "0-1"]
[WhiteTitle "IM"]
[BlackTitle "GM"]
[WhiteElo "2434"]
[BlackElo "2567"]
[WhiteFideId "24103209"]
[BlackFideId "2803828"]
[EventDate "2019.12.29"]

1. d4 Nf6 2. c4 g6 3. Nc3 d5 4. cxd5 Nxd5 5. Bd2 Nb6 6. Nf3 Bg7 7. Bf4 c5 8.
dxc5 Bxc3+ 9. bxc3 Qxd1+ 10. Rxd1 Na4 11. e3 Nxc5 12. Be5 f6 13. Bd4 Na4 14. c4
Nc6 15. Be2 e5 16. Ba1 Be6 17. O-O Kf7 18. Nd2 Nc5 19. Nb3 b6 20. Nxc5 bxc5 21.
Bf3 Rac8 22. Rd6 Nb8 23. Bd5 Bxd5 24. Rxd5 Rhd8 25. f4 Rxd5 26. cxd5 e4 27. Rb1
Na6 28. d6 Ke6 29. Rb7 Nb4 30. Rxa7 Nc2 31. d7 Rd8 32. Ra6+ Kxd7 33. Bxf6 Rb8
34. Kf2 Nb4 35. Ra7+ Ke6 36. Bc3 Nd5 37. Be5 Rb6 38. Rxh7 Ra6 39. Rg7 Rxa2+ 40.
Kg3 Nxe3 41. Rxg6+ Kd5 42. Rd6+ Kc4 43. Rd8 Rxg2+ 44. Kh3 Rg1 45. Rc8 Nf5 46.
Rf8 Nd4 47. f5 e3 48. Bg3 Rf1 49. f6 e2 50. Re8 Rxf6 51. Bf2 0-1

[Event "Mondiale Lampo FIDE 2019"]
[Site "Mosca"]
[Date "29.12.2019"]
[Round "10.96"]
[White "Galkin, Alexander"]
[Black "Mesropov, Konstantin"]
[Result "0-1"]
[WhiteTitle "GM"]
[BlackTitle "IM"]
[WhiteElo "2611"]
[BlackElo "2422"]
[WhiteFideId "4120426"]
[BlackFideId "4116887"]
[EventDate "2019.12.29"]

1. Nf3 e6 2. c4 d5 3. e3 Nf6 4. Nc3 c6 5. b3 Bd6 6. Bb2 O-O 7. Qc2 e5 8. cxd5
cxd5 9. Nb5 Nc6 10. Nxd6 Qxd6 11. Be2 Bg4 12. h3 Bh5 13. d3 e4 14. dxe4 dxe4 15.
Rd1 Qb4+ 16. Bc3 exf3 17. Bxb4 Nxb4 18. Qd2 fxe2 19. Rb1 Rfd8 0-1